Quantenchemie Ein Lehrgang Band 2 : Atombau, chemische Bindung und molekulare Wechselwirkungen

Salvato in:
Dettagli Bibliografici
Autore principale: Zülicke, Lutz
Natura: Libro
Lingua:tedesco
Pubblicazione: Heidelberg Alfred Hüthig 1984
Soggetti:
Accesso online:Visualizza in OPAC
Tags: Aggiungi Tag
Nessun Tag, puoi essere il primo ad aggiungerne!!

MARC

LEADER 00000nam a2200000 a 4500
005 20260127133941.0
008 090522 1984 gw 000 0 ger d
020 |a 3778505386 
035 |a vtls009515663 
039 9 |a 200905220928  |b mschk03  |c 200905220924  |d mschk03  |c 200905220920  |d mschk03  |y 200905220906  |z mschk03 
040 |a STUSCHK1  |b slo  |c STUSCHK1  |e AACR2 
080 |a 541.57 
100 1 |a Zülicke, Lutz 
245 1 |a Quantenchemie  |b Ein Lehrgang  |n Band 2 : Atombau, chemische Bindung und molekulare Wechselwirkungen  |c Lutz Zülicke 
260 |a Heidelberg  |b Alfred Hüthig  |c 1984 
300 |a 654 s.  |b il.  |c 24 cm 
650 0 |a kvantová chémia 
910 |a SCHK95 
919 |a 3-7785-0538-6 
999 |c 736  |d 736